Āmāra śilpī jībanera kathā. (Record no. 57501)
[ view plain ]
| 000 -LEADER | |
|---|---|
| fixed length control field | 00600cam a22002291 4500 |
| 001 - CONTROL NUMBER | |
| control field | sa 64002772 |
| 003 - CONTROL NUMBER IDENTIFIER | |
| control field | DLC |
| 005 - DATE AND TIME OF LATEST TRANSACTION | |
| control field | 20260227112012.0 |
| 008 - FIXED-LENGTH DATA ELEMENTS--GENERAL INFORMATION | |
| fixed length control field | 930628s1960 ii c 000 0abenx |
| 010 ## - LIBRARY OF CONGRESS CONTROL NUMBER | |
| LC control number | sa 64002772 |
| 035 ## - SYSTEM CONTROL NUMBER | |
| System control number | (OCoLC)28592789 |
| 040 ## - CATALOGING SOURCE | |
| Original cataloging agency | DLC |
| Transcribing agency | NIC |
| Modifying agency | OCoLC |
| -- | DLC |
| 042 ## - AUTHENTICATION CODE | |
| Authentication code | premarc |
| 050 00 - LIBRARY OF CONGRESS CALL NUMBER | |
| Classification number | ML420.A35 |
| Item number | A4 |
| 100 1# - MAIN ENTRY--PERSONAL NAME | |
| Personal name | Āhamada, Ābbāsauddīna, |
| Dates associated with a name | 1901-1959 |
| 245 10 - TITLE STATEMENT | |
| Title | Āmāra śilpī jībanera kathā. |
| 260 ## - PUBLICATION, DISTRIBUTION, ETC. | |
| Date of publication, distribution, etc. | [1960] |
| 300 ## - PHYSICAL DESCRIPTION | |
| Extent | 175 p. |
| Other physical details | port. |
| Dimensions | 22 cm. |
| 500 ## - GENERAL NOTE | |
| General note | In Bengali. |
| 500 ## - GENERAL NOTE | |
| General note | Autobiographical. |
| 650 #0 - SUBJECT ADDED ENTRY--TOPICAL TERM | |
| Topical term or geographic name entry element | Musicians |
| Form subdivision | Correspondence. |
No items available.